Excavaciones en Toledo (Record no. 181806)
[ view plain ]
| 000 -LEADER | |
|---|---|
| campo de control de longitud fija | 01130nam a2200229 i 4500 |
| 001 - NÚMERO DE CONTROL | |
| campo de control | 181806 |
| 003 - IDENTIFICADOR DE NÚMERO DE CONTROL | |
| campo de control | ES-MaACL |
| 005 - FECHA Y HORA DE LA ÚLTIMA TRANSACCIÓN | |
| campo de control | 20230906221446.0 |
| 008 - DATOS DE LONGITUD FIJA--INFORMACIÓN GENERAL | |
| campo de control de longitud fija | 130327s1930 sp f |||| | spa d |
| 080 ## - NÚMERO DE LA CLASIFICACIÓN DECIMAL UNIVERSAL | |
| Número de la Clasificación Decimal Universal | 904(464.2 T.):725.826.032.7 |
| 110 2# - ENTRADA PRINCIPAL--NOMBRE DE ENTIDAD CORPORATIVA | |
| Nombre de entidad corporativa o nombre de jurisdicción como elemento de entrada | Comisión de Monumentos Históricos y Artísticos de la Provincia de Toledo. |
| 9 (RLIN) | 152527 |
| 245 10 - MENCIÓN DEL TÍTULO | |
| Título | Excavaciones en Toledo |
| Resto del título | : memoria de los trabajos efectuados en el circo romano por la Comisión de Monumentos Históricos y Artísticos de la Provincia / |
| Mención de responsabilidad, etc. | bajo la dirección de Francisco de B. San Román.. (et al.). |
| 260 ## - PUBLICACIÓN, DISTRIBUCIÓN, ETC. | |
| Lugar de publicación, distribución, etc. | Madrid : |
| Nombre del editor, distribuidor, etc. | [s.n.], |
| Fecha de publicación, distribución, etc. | 1930 ( |
| Fabricante | Tipografía de Archivos) |
| 300 ## - DESCRIPCIÓN FÍSICA | |
| Extensión | 10 p., VI h. de lám., 1 h. pleg. de plano ; |
| Dimensiones | 24 cm. |
| 490 1# - MENCIÓN DE SERIE | |
| Mención de serie | Junta Superior de Excavaciones y Antigüedades ; |
| Designación de volumen o secuencia | 109, 5, 1929 |
| 610 24 - PUNTO DE ACCESO ADICIONAL DE MATERIA--NOMBRE DE ENTIDAD CORPORATIVA | |
| Nombre de entidad corporativa o nombre de jurisdicción como elemento de entrada | Circo romano (Toledo) |
| 9 (RLIN) | 152528 |
| 700 1# - ENTRADA AGREGADA--NOMBRE PERSONAL | |
| Nombre de persona | San Román y Fernández, Francisco de Borja de. |
| 9 (RLIN) | 102303 |
| 710 2# - ENTRADA AGREGADA--NOMBRE DE ENTIDAD CORPORATIVA | |
| Nombre de entidad corporativa o nombre de jurisdicción como elemento de entrada | España. |
| Unidad subordinada | Junta Superior de Excavaciones y Antigüedades. |
| 9 (RLIN) | 152463 |
| 830 0# - PUNTO DE ACCESO ADICIONAL DE SERIE-TÍTULO UNIFORME | |
| Título uniforme | Junta Superior de Excavaciones y Antigüedades ; |
| Designación de volumen o secuencia | 109, 5, 1929 |
| 9 (RLIN) | 191570 |
| 852 ## - LOCALIZACIÓN | |
| Ubicación | ES-MaACL |
| Número de control de estantería | E-3378(5) |
| Estatus retirado | Estado de pérdida | Estado de daño | No para préstamo | Biblioteca de origen | Biblioteca actual | Ubicación en estantería | Fecha de adquisición | Fuente de adquisición | Total de préstamos | Signatura topográfica completa | Código de barras | Visto por última vez | Precio de reemplazo | Tipo de ítem Koha |
|---|---|---|---|---|---|---|---|---|---|---|---|---|---|---|
| Biblioteca del Ateneo de Madrid | Biblioteca del Ateneo de Madrid | Depósito 2 | 27/03/2013 | E-3378(5) | 1191056 | 23/02/2023 | 23/02/2023 | Libro impreso |
